000
00294nam a2200109Ia 4500
008
230907s9999||||xx |||||||||||||| ||und||
082
_a
572.86
_b
PEV
100
_a
Pevsner, Jonathan,
_9
116050
245
0
_a
Bioinformatics and functional genomics /
300
_a
xxxiii, 1124 pages :
942
_c
BK
999
_c
600896
_d
600896